000 00304 a2200145 4500
003 Nust
005 20170207154118.0
040 _cNust
082 _a891.439
100 _aShafique Rahman
245 _aLaharain
260 _aLahore
_bMawara
_c1995
300 _a147 pages
538 _aAlmirah No.67, Shelf No.2
942 _2ddc
_cBK
999 _c194149
_d194149